MARC

LEADER 00000nam^a2200000^a^4500
001 000369046
005 20250526000000.0
009 20260310115826.107
037 |a Acervo Xavier Clavigero 
041 |a ESP 
082 |a 868.  |b JOV V. 1 
100 |a Jovellanos, Gaspar Melchor de  |e (autor) 
240 1 1 |a [Obras escogidas de D. Gaspar Melchor de Jovellanos] 
245 1 0 |a Obras escogidas de D. Gaspar Melchor de Jovellanos :  |b con una advertencia preliminar : tomo I /  |c G.M. de Jovellanos. 
264 |a Barcelona, España :  |b Biblioteca Clásica Española :  |b Daniel Cortezo y Cía.,  |c 1884 
300 |a 300 p. ;  |c 20.5 cm. 
336 |a texto  |b txt  |2 rdacontenido 
337 |a sin mediación  |b n  |2 rdamedio 
338 |a volumen  |b nc  |2 rdasoporte 
440 1 |a (Biblioteca Clásica Española) 
501 |a Encuadernación particular 
545 0 |a Gaspar Melchor de Jovellanos (1744-1811), jurista, político y escritor español de la Ilustración española. Estudió derecho canónico en Soria y posteriormente fue becado en estudios eclesiásticos en la Universidad de Alcalá. Su desempeño como magistrado comenzó en Sevilla en donde fue alcalde del crimen, juez y promotor de la Sociedad Patriótica Sevillana. En Madrid, por medio de influyentes conocidos, forma parte de diversas comisiones en donde se le encomiendan trabajos de redacción; uno de sus más celebres escritos es la Ley Agraria, siendo director de la Sociedad Económica Matritense. La obra de Jovellanos aunque diversa y vasta en temática, se focalizó en asuntos económicos, políticos, de agricultura y filosofía, mediante informes, memorias, cartas y discursos con las cuales pretendía mejorar la vida y la convivencia de las poblaciones en donde radicó. Su obra literaria incluye producción en poesía y comedia, considerada como una de las mejores de la literatura prerromántica europea. Son escritos que reflejan el sentimiento y amor por la naturaleza, las emociones y el estado de ánimo del hombre. 
561 |a Ex libris de J. Vilaseca 
561 |a Ex libris de Bibl. Domus San Cayetano 
562 |a Falta cubierta 
649 |a XX 
650 |a Reyes Españoles 
650 |a Escritores Españoles -  |x Discursos 
650 |a Escritores Españoles -  |x Memorias 
650 |a Políticos Españoles -  |x Discursos 
650 |a Políticos Españoles -  |x Memorias 
650 |a Real Academia Española -  |x Discursos 
650 |a Discursos Españoles (Oratoria) 
650 |a Memorias Españolas 
650 |a Espectáculos Populares -  |z España 
650 |a Lenguas -  |z España 
650 |a Lingüística -  |z España 
650 |a Ciencias Naturales -  |z España 
650 |a Literatura Española -  |x Historia y Crítica 
650 |a Literatura Española -  |y Siglo XIX 
650 |a Política -  |z España -  |x Historia -  |y Conquista Napoleónica, 1808-1814 
650 |a España -  |x Historia -  |y Carlos III, 1759-1788 
650 |a España -  |x Historia -  |y Conquista Napoleónica, 1808-1814 
650 |a Jovellanos, Gaspar Melchor de -  |x Tema Principal 
650 |a Carlos III, Rey de España 
740 0 |a Discursos y oraciones [de Gaspar Melchor de Jovellanos] /  |c G.M. de Jovellanos. 
740 0 |a Documentos históricos [de Gaspar Melchor de Jovellanos] /  |c G.M. de Jovellanos. 
740 0 |a Memorias [de Gaspar Melchor de Jovellanos /  |c G.M. de Jovellanos. 
910 |a Fondo General 
920 |a Impresos - Libros 
930 |a Libros Antiguos y Raros 
940 |a Literatura 
905 |a 108 
901 |a 0500262881  |b IT2  |c LRA  |u 20250526 
902 |a https://opac.biblio.iteso.mx/vufind/Record/000369046